Sacred and legendary art (Record no. 5652)

MARC details
000 -CABECERA
campo de control de longitud fija 01030nam a2200265 a 4500
001 - NÚMERO DE CONTROL
campo de control BRCA_5963
005 - FECHA Y HORA DE LA ÚLTIMA TRANSACCIÓN
campo de control 20190320205259.0
008 - DATOS DE LONGITUD FIJA--INFORMACIÓN GENERAL
campo de control de longitud fija 250311s1866----enka######---#000-0#eng-#
041 ## - CÓDIGO DE LENGUA
Código de lengua del texto/banda sonora o título independiente eng
044 ## - CÓDIGO DEL PAÍS DE LA ENTIDAD EDITORA/PRODUCTORA
Código MARC del país enk
050 #4 - SIGNATURA TOPOGRÁFICA DE LA BIBLIOTECA DEL CONGRESO
Número de clasificación N7832
Número de documento/Ítem .J36 1866
100 1# - ENTRADA PRINCIPAL--NOMBRE DE PERSONA
Nombre de persona Jameson
9 (RLIN) 15064
245 10 - MENCIÓN DE TÍTULO
Título Sacred and legendary art
Mención de responsabilidad, etc. Mrs. Jameson.
250 ## - MENCIÓN DE EDICIÓN
Mención de edición 5
260 ## - PUBLICACIÓN, DISTRIBUCIÓN, ETC.
Lugar de publicación, distribución, etc. Londres
Nombre del editor, distribuidor, etc. Longmans, Green and Co.
Fecha de publicación, distribución, etc. 1866
300 ## - DESCRIPCIÓN FÍSICA
Extensión 2 v.
Otras características físicas il. (algunas a color), 19 láminas
Dimensiones 22 cm.
500 ## - NOTA GENERAL
Nota general Estado físico: encuadernación deteriorada y lomo desprendido (v.1)
500 ## - NOTA GENERAL
Nota general G85
505 0# - NOTA DE CONTENIDO CON FORMATO
Nota de contenido con formato Contenido: v.1. Legends of the angels and archangels, the evangelists, the apostles, the doctors of the church, and St. Mary Magdalene, as represented in the Fine Arts. -- v.2. The patron saints, the martyrs, the early bishops ; the hermit and the warrior saints of Christendom
650 14 - PUNTO DE ACCESO ADICIONAL DE MATERIA--TÉRMINO DE MATERIA
Término de materia o nombre geográfico como elemento de entrada Arte cristiano antiguo
9 (RLIN) 15065
650 14 - PUNTO DE ACCESO ADICIONAL DE MATERIA--TÉRMINO DE MATERIA
Término de materia o nombre geográfico como elemento de entrada Santos
Subdivisión general Arte
9 (RLIN) 15066
650 14 - PUNTO DE ACCESO ADICIONAL DE MATERIA--TÉRMINO DE MATERIA
Término de materia o nombre geográfico como elemento de entrada Arte y simbolismo cristianos
9 (RLIN) 4853
902 ## - CATALOGADOR
Iniciales GFM
942 ## - ELEMENTOS DE PUNTO DE ACCESO ADICIONAL (KOHA)
Fuente del sistema de clasificación o colocación Library of Congress Classification
Tipo de ítem Koha Libros
Holdings
Estado de retiro Estado de pérdida Estado dañado No para préstamo Localización permanente Ubicación/localización actual Fecha de adquisición Número de inventario Total de préstamos Signatura topográfica completa Código de barras Fecha visto por última vez Precio válido a partir de Tipo de ítem Koha
El ejemplar forma parte de la colección y puede ser consultado según las políticas vigentes.       Biblioteca del Museo Franz Mayer (Rogerio Casas-Alatriste) Biblioteca del Museo Franz Mayer (Rogerio Casas-Alatriste) 25/03/2011 G85   N7832 .J36 1866 (G85) 6402 22/03/2019 22/03/2019 Libros